Top 9 Kino songs by spotify popularity ranking - Statistics

General Stats
  • This quiz has been taken 44 times
  • The average score is 5 of 9
Answer Stats
Answer % Correct
Группа крови/Gruppa Krovi/Blood Type
93%
Кончится лето/лето/Konchitsya Leto/Leto/Summer is ending/Summer
67%
Пачка сигарет/Pachka Sigaret/Pack of Cigarettes
63%
Кукушка/Kukushka/Cuckoo
59%
Хочу перемен/Khochu Peremen/I want changes
56%
Последний герой/Posledniy geroy/Last hero
56%
Спокойная ночь/Spokoynaya noch/Quiet Night
56%
Звезда по имени Солнце/Zvezda po imeni Solntse/A star called the Sun
56%
Восьмиклассница/Vosmiklassnitsa/Eighth Grade Girl
44%
No matching quizzes found
Score Distribution
Percent of People with Each Score
Percentile by Number Answered
Your Score History
You have not taken this quiz